Movies Quiz

Random Movies or Clickable Quiz
Score 0/36 Timer 06:00
2 Plays Today
% Correct
Mission
96.3%
Pirates of the Caribbean
96.2%
Ace Ventura
95.3%
Babe
94.4%
X-Men Origins
94.4%
Anchorman
93.5%
The Hunger Games
93.3%
Austin Powers
92.5%
The Lord of the Rings
92.4%
Paul Blart
92.1%
Borat
91.9%
2001
91.9%
Robin Hood
91.4%
Night at the Museum
89.9%
The Fast and the Furious
89.8%
Terminator 2
89.6%
Captain America
88.5%
Wallace & Gromit
88.5%
% Correct
Dumb & Dumberer
86.8%
National Treasure
86.3%
Sister Act 2
86.3%
D2
86.1%
Rambo
86.1%
Dickie Roberts
85.9%
Star Trek II
85.2%
Dodgeball
85%
Talladega Nights
84.6%
Fantastic Four
84.4%
The Hobbit
83.7%
Tron
83%
Abraham Lincoln
82.5%
G.I. Joe
80%
Blade
79.7%
South Park
79.5%
Herbie
75.3%
Charlie's Angels
68.1%
Remove Ads.
Support Sporcle.
Get the best of Sporcle when you Go Orange. This ad-free experience offers more features, more stats, and more fun while also helping to support Sporcle. Thank you for becoming a member.

You're not logged in!

Compare scores with friends on all Sporcle quizzes.
OR
Log In

Sporcle TV

Today on Sporcle TV


Watch our educational content, quiz creation guides, and fun videos on Sporcle TV.

Show Comments

Extras

Top Quizzes Today


Score Distribution

Paid Content

Your Account Isn't Verified!

In order to create a playlist on Sporcle, you need to verify the email address you used during registration. Go to your Sporcle Settings to finish the process.

Report this User

Report this user for behavior that violates our Community Guidelines.

Details: